Antología de prosa amena : desde Alfonso El Sabio hasta nuestros días : 1828-1918 /

Gespeichert in:
Bibliographische Detailangaben
1. Verfasser: Herrera Oria, Luis (comp.)
Format: Buch
Sprache:Spanisch
Schlagworte:
Tags: Tag hinzufügen
Keine Tags, Fügen Sie das erste Tag hinzu!

MARC

LEADER 00000nam^a2200000^a^4500
001 000380292
005 20250526000000.0
009 20260310120554.873
037 |a Acervo Xavier Clavigero 
041 |a ESP 
082 |a 860. 946  |b HER V. 4 
100 |a Herrera Oria, Luis  |e (comp.) 
240 1 1 |a [Antología de prosa amena: desde Alfonso El Sabio hasta nuestros días] 
245 1 0 |a Antología de prosa amena :  |b desde Alfonso El Sabio hasta nuestros días : 1828-1918 /  |c Comp. L. Herrera Oria. 
264 |a Valladolid, España :  |b Imprenta Cuesta,  |c 1918 
300 |a 318 p. ;  |c 24.5 cm. 
336 |a texto  |b txt  |2 rdacontenido 
337 |a sin mediación  |b n  |2 rdamedio 
338 |a volumen  |b nc  |2 rdasoporte 
501 |a Encuadernación particular 
561 |a Ex libris de Bibl. Domus. San Cayetano 
561 |a Ex libris de Bibliotheca Coll. Max. Ysletensis S.J. 
561 |a Ex libris manuscrito de Prof. de Hum. 
649 |a XX 
650 |a Cartas Españolas 
650 |a Cuentos Españoles 
650 |a Ensayos Españoles 
650 |a Literatura Española -  |y Siglo XIX 
650 |a Literatura Española -  |y Siglo XX 
650 |a Literatura Española -  |x Historia y Crítica 
650 |a España -  |x Historia 
910 |a Fondo General 
920 |a Impresos - Libros 
930 |a Libros Antiguos y Raros 
940 |a Literatura 
905 |a 108 
901 |a 055358  |b IT2  |c LRA  |u 20250526 
902 |a https://opac.biblio.iteso.mx/vufind/Record/000380292